[Event "Ljubljana Winter op"]
[Site "Ljubljana"]
[Date "2014.02.12"]
[Round "5"]
[White "Unuk, Jan"]
[Black "Dajcman, Aleksander"]
[Result "1-0"]
[WhiteElo "1566"]
[BlackElo "1361"]
[PlyCount "66"]
[EventDate "2014.01.08"]
[EventType "swiss"]
[EventRounds "9"]
[EventCountry "SLO"]
[SourceTitle "EXT 2023"]
[Source "ChessBase"]
[SourceDate "2022.10.05"]
[SourceVersion "1"]
[SourceVersionDate "2022.10.05"]
[SourceQuality "1"]

1. d4 d5 2. c4 e6 3. Nc3 Nf6 4. Bg5 Bb4 5. e3 Nbd7 6. Nf3 b6 7. a3 Bxc3+ 8. bxc3 Ba6 9. Qa4 Bxc4 10. Bxc4 dxc4 11. Qxc4 Qc8 12. 0-0 0-0 13. Qd3 c5 14. e4 Qc6 15. Nd2 Rfd8 16. Qe3 Re8 17. f4 h5 18. h3 Nh7 19. Bh4 f5 20. e5 b5 21. Qe2 Nb6 22. Qxh5 Na4 23. Rf3 Qd5 24. Bf2 Nb2 25. Rg3 cxd4 26. cxd4 Rac8 27. Nf3 Rc2 28. Qxe8+ Nf8 29. Ng5 Rc7 30. h4 Qd7 31. Qxd7 Rxd7 32. Rb1 Nc4 33. Rxb5 Nb6 1-0

[Event "Ljubljana Winter op"]
[Site "Ljubljana"]
[Date "2014.01.15"]
[Round "2"]
[White "Unuk, Jan"]
[Black "Hribar, Andrej"]
[Result "0-1"]
[WhiteElo "1566"]
[BlackElo "1692"]
[PlyCount "162"]
[EventDate "2014.01.08"]
[EventType "swiss"]
[EventRounds "9"]
[EventCountry "SLO"]
[SourceTitle "EXT 2023"]
[Source "ChessBase"]
[SourceDate "2022.10.05"]
[SourceVersion "1"]
[SourceVersionDate "2022.10.05"]
[SourceQuality "1"]

1. d4 d6 2. c4 c5 3. d5 g6 4. Nc3 Bg7 5. Nf3 Nf6 6. e4 0-0 7. Bd3 Bg4 8. h3 Bxf3 9. Qxf3 Nbd7 10. 0-0 a6 11. a4 e5 12. Bg5 Qe8 13. Qe3 Nh5 14. Bh6 Kh8 15. Bxg7+ Nxg7 16. f4 exf4 17. Qxf4 Ne5 18. Be2 Qe7 19. Qf6 Qc7 20. b3 Rae8 21. a5 Nd7 22. Qh4 f6 23. Bg4 g5 24. Qg3 Ne5 25. Bf5 Nh5 26. Qe3 Qg7 27. Bg4 Nxg4 28. hxg4 Nf4 29. Ne2 Nxe2+ 30. Qxe2 Re5 31. Rf5 Qe7 32. Re1 Kg7 33. Kf2 Re8 34. Kf3 Qd8 35. Qd2 Qe7 36. Qe2 Qf7 37. Kf2 Qc7 38. Rxe5 Rxe5 39. Qd2 Qd7 40. Qe2 Qf7 41. Qf3 Qc7 42. Qc3 Re8 43. Kg3 Rb8 44. Rf1 Qe7 45. Rf3 Rh8 46. Rf5 Kg6 47. Qd3 Kf7 48. Qf3 Kg7 49. Qc3 h6 50. Qb2 Rb8 51. Qc3 b5 52. axb6 Rxb6 53. Rf3 Rb4 54. Qa1 Rb6 55. Qa5 Rb7 56. Qa1 Ra7 57. Qc3 Ra8 58. Qa1 Rh8 59. Rf5 Rb8 60. Rf3 Rh8 61. Rf5 Rf8 62. Qxa6 h5 63. Qa1 Kg6 64. Qb1 Kh6 65. gxh5 Kxh5 66. Qh1+ Kg6 67. Qb1 Qh7 68. Kf2 Qh4+ 69. Ke3 Qg3+ 70. Rf3 Qe5 71. Kd2 Re8 72. Re3 Ra8 73. Kc2 Qd4 74. Re2 Kg7 75. Qb2 Qg1 76. Kd3 Ra1 77. Rf2 Rd1+ 78. Ke3 Qe1+ 79. Kf3 Rd3+ 80. Kg4 Qxe4+ 81. Kh5 Qh4# 0-1

[Event "SLO-chT3 West"]
[Site "Postojna"]
[Date "2013.11.23"]
[Round "3"]
[White "Trplan, Filip"]
[Black "Unuk, Jan"]
[Result "0-1"]
[WhiteElo "1248"]
[BlackElo "1557"]
[PlyCount "23"]
[EventDate "2013.11.22"]
[EventType "team"]
[EventRounds "5"]
[EventCountry "SLO"]
[SourceTitle "EXT 2015"]
[Source "ChessBase"]
[SourceDate "2014.11.20"]
[SourceVersion "1"]
[SourceVersionDate "2014.11.20"]
[SourceQuality "1"]

1. e4 d5 2. exd5 Qxd5 3. Nc3 Qd6 4. Nf3 Nf6 5. d4 a6 6. Be2 Bf5 7. 0-0 Nc6 8. Bd3 Bg6 9. Be3 e6 10. Bxg6 hxg6 11. Ne5 Nd7 12. Nxd7 0-1

[Event "SLO-chT3 West"]
[Site "Postojna"]
[Date "2013.11.23"]
[Round "2"]
[White "Unuk, Jan"]
[Black "Petrina, Nenad"]
[Result "1/2-1/2"]
[WhiteElo "1557"]
[BlackElo "1852"]
[PlyCount "83"]
[EventDate "2013.11.22"]
[EventType "team"]
[EventRounds "5"]
[EventCountry "SLO"]
[SourceTitle "EXT 2015"]
[Source "ChessBase"]
[SourceDate "2014.11.20"]
[SourceVersion "1"]
[SourceVersionDate "2014.11.20"]
[SourceQuality "1"]

1. d4 d5 2. c4 e6 3. Nc3 Nf6 4. Nf3 Be7 5. Bg5 0-0 6. e3 h6 7. Bh4 a6 8. Bd3 dxc4 9. Bxc4 b5 10. Bd3 Bb7 11. 0-0 c5 12. Bxf6 Bxf6 13. Be4 Bxe4 14. Nxe4 cxd4 15. Nxf6+ Qxf6 16. Qxd4 Qxd4 17. Nxd4 Nd7 18. Rac1 Rfc8 19. Rc6 Ne5 20. Rxc8+ Rxc8 21. Rd1 Kf8 22. Kf1 Nc4 23. b3 Nb6 24. Ke2 Nd5 25. Rd2 Ke7 26. h3 g6 27. Nf3 f6 28. g3 b4 29. Nd4 Nc3+ 30. Ke1 e5 31. Ne2 Nb5 32. e4 Ke6 33. f3 f5 34. Kf2 fxe4 35. fxe4 Rf8+ 36. Ke3 Rf1 37. Rc2 Kd6 38. Rd2+ Kc6 39. h4 Re1 40. Kf2 Ra1 41. Ke3 Re1 42. Kf2 1/2-1/2

[Event "SLO-chT Central 1st League 14th"]
[Site "Slovenia"]
[Date "2013.11.21"]
[Round "8.2"]
[White "Unuk, Jan"]
[Black "Kovacic, Bojan"]
[Result "1-0"]
[WhiteElo "1569"]
[BlackElo "1533"]
[PlyCount "49"]
[EventDate "2013.09.19"]
[EventType "team-swiss"]
[EventRounds "9"]
[EventCountry "SLO"]
[SourceTitle "EXT 2022"]
[Source "ChessBase"]
[SourceDate "2021.10.06"]
[SourceVersion "1"]
[SourceVersionDate "2021.10.06"]
[SourceQuality "1"]

1. d4 b6 2. c4 d5 3. Nc3 dxc4 4. e3 Ba6 5. Nf3 f6 6. Bd2 e6 7. Rc1 b5 8. a4 c6 9. axb5 cxb5 10. Na2 Nc6 11. b3 Na5 12. bxc4 bxc4 13. Qa4+ Kf7 14. Bxa5 Qd5 15. Bxc4 Bxc4 16. Rxc4 Rb8 17. 0-0 Rb5 18. Bd2 Qf5 19. Qxa7+ Ne7 20. Bb4 Qd5 21. Rc7 Qd8 22. Bc5 g5 23. Nb4 Ke8 24. Bxe7 Bxe7 25. Nc6 1-0

[Event "EU-ch U12 23rd"]
[Site "Budva"]
[Date "2013.10.07"]
[Round "8"]
[White "Unuk, Jan"]
[Black "Pantzar, Milton"]
[Result "1/2-1/2"]
[WhiteElo "1569"]
[BlackElo "1754"]
[PlyCount "80"]
[EventDate "2013.09.29"]
[EventType "swiss"]
[EventRounds "9"]
[EventCountry "MNE"]
[SourceTitle "EXT 2014"]
[Source "ChessBase"]
[SourceDate "2013.11.20"]
[SourceVersion "1"]
[SourceVersionDate "2013.11.20"]
[SourceQuality "1"]

1. d4 Nf6 2. c4 c5 3. d5 b5 4. cxb5 a6 5. bxa6 Bxa6 6. Nc3 g6 7. g3 d6 8. e4 Bxf1 9. Kxf1 Bg7 10. Kg2 0-0 11. Nf3 Nbd7 12. a4 Qb6 13. Qe2 Rfb8 14. Nb5 Ne8 15. Bg5 f6 16. Be3 Nc7 17. Nxc7 Qxc7 18. Ra2 Rb4 19. Qc2 Qa7 20. b3 Qb7 21. Nd2 Rb8 22. Rc1 Qa6 23. Qd1 Ne5 24. Qf1 Qxf1+ 25. Rxf1 R4b7 26. Rc2 Nd3 27. f3 Nb4 28. Rc4 f5 29. Rb1 Nd3 30. Rc2 Ra8 31. Rf1 Nb4 32. Rc4 Nd3 33. Rc2 Nb4 34. Rc4 Nd3 35. Rc2 Nb4 36. Rc4 Nd3 37. Rc2 Nb4 38. Rc4 Nd3 39. Rc2 Nb4 40. Rc4 Nd3 1/2-1/2